000 00267nam a2200097Ia 4500
001 647166
005 20250826153657.0
008 250824s9999 xx 000 0 und d
245 0 _aKURTULUŞUN KAHRAMANLARI 17 TAYYAR RAHİME
_cİSMAİL BİLGİN
260 _bTİMAŞ ÇOCUK
999 _c647166
_d647166